000 01227nac a22003010a 4500
001 PT3705
003 AR-LpoUNG
005 20260115115337.0
008 201001s2000||||ag |||||||||||||||||spa d
040 _aAR-LpoUNG
_bspa
_eaacr
041 _aspa
044 _aag
082 0 _a510 197vII
100 1 _aFalsetti, Marcela
245 1 0 _aModelización
250 _a1ra. ed.
260 _aBuenos Aires :
_bUniversidad Nacional de General Sarmiento,
_c2000.
300 _a43 p. :
_bgráfs.
490 0 _aGuía de matemática para el curso de aprestamiento universitario
520 _aSegundo módulo de la guía de aprestamiento universitario. Cuenta con una serie de problemas que sirven para contextualizar los conocimientos relativos a funciones numéricas elementales .También cuenta con una serie de ejercicios descontextualizados en donde se trata de focalizar el estudio de los temas matemáticos para iniciar a los estudiantes en una práctica de estudio universitario en General y matemática en particular.
650 4 _aENSEÑANZA
650 4 _aMATEMATICAS
700 1 _aFigliola, Alejandra
700 1 _aKulesz, Leopoldo
700 1 _aRodríguez, Mabel A.
905 _a3705
942 _cLIB
_2ddc
999 _c47625
_d47625